000 00279nam a22001337a 4500
008 170224b xxu||||| |||| 00| 0 eng d
020 _a065000888881
041 _aeng
080 _a617
100 _a5
101 _aSHK
245 _aHISTORY SURGERY
_cHAGER,K
942 _2udc
_cBK
999 _c6203
_d6203